| 000 | 01638nam a2200397 c 4500 | ||
|---|---|---|---|
| 003 | BLK | ||
| 005 | 20250715144444.0 | ||
| 008 | 180409b bul|||||r ||||||| ||bul|| | ||
| 020 | _a9789549964332 | ||
| 040 | _aBLK | ||
| 041 |
_aBUL _cBUL |
||
| 080 |
_aМетоди на управление. Мениджмънт. Анализи, планиране, ръководство, сътрудничество, контрол, коопериране и др. _b005.5 _z005.5 |
||
| 100 | 1 |
_aДракър, Питър Фердинанд _eпърви автор _965284 |
|
| 139 |
_aДракър, Питър Ф. _bД 87 |
||
| 245 | 1 | 0 |
_aЕфективното управление _cПитър Фердинанд Дракър; прев. от англ. Тинко Трифонов. |
| 257 | _aUSA | ||
| 260 |
_bКласика и стил _c2002 _fВ. Търново : Абагар _aСофия |
||
| 300 |
_a274 с. _c22 см |
||
| 380 | _a0 | ||
| 490 | _aClassic Drucker | ||
| 500 | _aОриг. загл. Managong for Results / Peter F. Drucket. - Азб. показалец. | ||
| 650 | 4 |
_aФирми - организация и управление _9244909 |
|
| 650 | 4 |
_aБизнес - организация и управление _9266588 |
|
| 653 | _aуправление | ||
| 653 | _aбизнес | ||
| 653 | _aфирми | ||
| 700 | 1 |
_aТрифонов, Тинко _eпрев. от англ. _9363625 |
|
| 852 | _aЦб 211311 | ||
| 856 | 4 | _qpdf | |
| 856 | 4 | _qpdf | |
| 942 |
_cKNG _n0 _02 |
||
| 944 |
_aCR _c01.01.2002 _k30576 _lЦветомила Тодорова |
||
| 944 |
_aED _c27.11.2012 |
||
| 999 |
_c96190 _d96190 |
||
| 999 | _d96190 | ||
| 999 | _d96190 | ||